| 000 | 00767nam a2200181 i 4500 | ||
|---|---|---|---|
| 001 | 59556 | ||
| 003 | ES-MaACL | ||
| 005 | 20230906164044.0 | ||
| 007 | t| | ||
| 008 | 031029s1964 sp ||||1| spa d | ||
| 100 | 1 |
_aElorrieta y Artaza, José. _947086 |
|
| 245 | 1 | 0 |
_aEnsayo de los pinos Ponderosa y Jeffreyi en la vertiente sur de Sierra Nevada (Granada) _b: años 1922 a 1962 / _cJosé Elorrieta y Artaza. |
| 260 |
_aMadrid : _bMinisterio de Agricultura, Dirección General de Montes, Caza y Pesca Fluvial, Instituto Forestal de Investigaciones y Experiencias, _c1964. |
||
| 300 |
_a128 p., 4 lám. ; _c24 cm. |
||
| 650 | 4 |
_aPinos. _9149815 |
|
| 710 | 1 |
_aEspaña. _bDirección General de Montes, Caza y Pesca Fluvial. _93758 |
|
| 852 |
_aES-MaACL _jF-14661 _bR.53736 |
||
| 999 |
_c59556 _d59556 |
||